Pays modernes de l'Empire inca sur une carte - Statistiques

Statistiques générales
  • Ce quiz a été pris 15 354 fois
  • Le résultat moyen est 6 sur 6
Réponses sur la Carte
Les réponses sont colorées sur une échelle allant du rouge au vert en fonction du pourcentage des utilisateurs qui les ont devinées à leur premier essai. Vous pouvez retrouver ces pourcentages ci-dessous.
 
Statistiques - réponses
Pays % Correct
Chili
99%
Pérou
97%
Argentine
95%
Bolivie
94%
Colombie
94%
Équateur
93%
Aucun quiz correspondant
Distribution des résultats
% des personnes avec chaque résultat
Percentile par nombre de réponses
Votre historique - résultats
Vous n’avez pas pris ce quiz